Online Catalogue and eLibrary

Liberalisms : (Record no. 605)

MARC details
000 -LEADER
fixed length control field 00467nam a22001817a 4500
005 - DATE AND TIME OF LATEST TRANSACTION
control field 20240325005419.0
008 - FIXED-LENGTH DATA ELEMENTS--GENERAL INFORMATION
fixed length control field 240325b |||||||| |||| 00| 0 eng d
020 ## - INTERNATIONAL STANDARD BOOK NUMBER
ISBN 0415071364
082 ## - DDC Classification
DDC Edition Number 22
Class No. 323.44.
Item Number - Author Mark LIB.
100 ## - MAIN ENTRY--PERSONAL NAME
Personal name Gray, John .
245 ## - TITLE STATEMENT
Title Liberalisms :
Remainder of title Essays in political Philosophy /
Statement of responsibility, etc. John Gray.
250 ## - EDITION STATEMENT
Edition statement 1st.
260 ## - PUBLICATION, DISTRIBUTION, ETC.
Place of publication, distribution, etc. London :
Name of publisher, distributor, etc. Routledge /
Date of publication, distribution, etc. 1989.
300 ## - PHYSICAL DESCRIPTION
Extent (e.g. Volumes, Pages etc.) ix, 273 p.,
650 ## - SUBJECT ADDED ENTRY--TOPICAL TERM
Topical term or geographic name entry element Liberalism.
650 ## - SUBJECT ADDED ENTRY--TOPICAL TERM
Topical term or geographic name entry element Political.
942 ## - Koha item type (Biblio)
Koha item type Books in Stacks (Lending)
Holdings
Lost status Damaged status Collection code Home library Current library Date acquired Full call number Accession Number Item type
    Lending WERC Library WERC Library 03/25/2024 323.44. LIB. 3946 Books in Stacks (Lending)

© WERC Library